Superman : (Registro nro. 4460)

Detalles MARC
000 -LEADER
fixed length control field 00673nam a2200205Ia 4500
003 - CONTROL NUMBER IDENTIFIER
control field OSt
005 - DATE AND TIME OF LATEST TRANSACTION
control field 20200616184717.0
008 - FIXED-LENGTH DATA ELEMENTS--GENERAL INFORMATION
fixed length control field 191128s9999 xx 000 0 und d
040 ## - CATALOGING SOURCE
Original cataloging agency CO-JMCR
Transcribing agency CO-JMCR
041 ## - LANGUAGE CODE
Language code of text/sound track or separate title spa
082 04 - DEWEY DECIMAL CLASSIFICATION NUMBER
Classification number H /
Item number PERs
100 ## - MAIN ENTRY--PERSONAL NAME
Personal name Pérez, George,
Relator term autor
9 (RLIN) 5663
245 10 - TITLE STATEMENT
Title Superman :
Remainder of title ¡prepárate para ser eliminado, superman! /
Statement of responsibility, etc. George Pérez, Jesús Merino, Nicola Scott
260 ## - PUBLICATION, DISTRIBUTION, ETC.
Place of publication, distribution, etc. Bogotá :
Name of publisher, distributor, etc. Planeta Comic,
Date of publication, distribution, etc. 2012
300 ## - PHYSICAL DESCRIPTION
Extent 48 páginas :
Other physical details ilustraciones a color ;
Dimensions 26 cm.
500 ## - GENERAL NOTE
General note Recomendado para mayores de 13 años.
650 ## - SUBJECT ADDED ENTRY--TOPICAL TERM
Topical term or geographic name entry element Tiras cómicas
9 (RLIN) 5616
700 ## - ADDED ENTRY--PERSONAL NAME
Personal name Merino, Jesús,
Relator term autor
9 (RLIN) 5664
942 ## - ADDED ENTRY ELEMENTS (KOHA)
Source of classification or shelving scheme Dewey Decimal Classification
Koha item type Books
Existencias
Withdrawn status Lost status Source of classification or shelving scheme Damaged status Not for loan Collection code Home library Current library Date acquired Source of acquisition Cost, normal purchase price Total Checkouts Full call number Barcode Date last seen Date last checked out Copy number Koha item type
    Dewey Decimal Classification     Fiction Biblioteca Pública José María del Castillo y Rada Biblioteca Pública José María del Castillo y Rada 11/28/2019 Donación 0.00 7 H / PERs 201809329 02/27/2026 02/27/2026 Ej.1 Books